00609nam a2200229 u 450000100070000000500170000700800410002403500110006503500210007604000130009704100080011008000070011810000390012524500790016426000420024330000180028565000130030365000130031665000140032965000110034365000250035415149820260506075422.0971128s1878 eng  a151498 a(OCoLC)778001551 ccomduadb aeng aWJ10aVan Buren, William Holme4auteaut12aA practical treatise on the surgical diseases of the genito-urinary organs aEstados Unidos :bD. Appleton,c1878. a672 páginas aUrologia aGonorrea 7aPene2dcs aUretra 7aCirugia general2dcs